Iqbal aur dawat-e-din (Record no. 62746)

000 -LEADER
fixed length control field 00462nam a22001697a 4500
003 - CONTROL NUMBER IDENTIFIER
control field NUST - PNEC
005 - DATE AND TIME OF LATEST TRANSACTION
control field 20170116180756.0
008 - FIXED-LENGTH DATA ELEMENTS--GENERAL INFORMATION
fixed length control field 150404b xxu||||| |||| 00| 0 eng d
040 ## - CATALOGING SOURCE
Transcribing agency LIBRARY
082 ## - DEWEY DECIMAL CLASSIFICATION NUMBER
Classification number 297.8914 HAI
100 ## - MAIN ENTRY--PERSONAL NAME
9 (RLIN) 2086
Personal name Hairan Khattak
245 ## - TITLE STATEMENT
Title Iqbal aur dawat-e-din
Statement of responsibility, etc. Hairan Khattak
260 ## - PUBLICATION, DISTRIBUTION, ETC.
Place of publication, distribution, etc. Islamabad:
Name of publisher, distributor, etc. Dawat Academy Islamabad,
Date of publication, distribution, etc. c2006.
300 ## - PHYSICAL DESCRIPTION
Extent 302 p. :
Dimensions 22 cm.
650 ## - SUBJECT ADDED ENTRY--TOPICAL TERM
9 (RLIN) 2087
Topical term or geographic name entry element Islam, Dawat-e-din
942 ## - ADDED ENTRY ELEMENTS (KOHA)
Source of classification or shelving scheme
Koha item type Book
Holdings
Withdrawn status Lost status Source of classification or shelving scheme Damaged status Not for loan Permanent Location Current Location Shelving location Date acquired Source of acquisition Cost, normal purchase price Total Checkouts Full call number Barcode Date last seen Cost, replacement price Price effective from Koha item type
          Pakistan Navy Engineering College (PNEC) Pakistan Navy Engineering College (PNEC)   05/25/2015 HQ Comkar, Karachi 400.00   297.8914 HAI PNECLIB-029430 04/04/2015 400.00 05/25/2015 Book
© 2023 Central Library, National University of Sciences and Technology. All Rights Reserved.